Latex & Synthetic Polymer Dispersions 2010 : (Record no. 135894)
[ view plain ]
| 000 -LEADER | |
|---|---|
| fixed length control field | 01858nam a2200385 i 4500 |
| 001 - CONTROL NUMBER | |
| control field | ebr10785161 |
| 003 - CONTROL NUMBER IDENTIFIER | |
| control field | CaPaEBR |
| 006 - FIXED-LENGTH DATA ELEMENTS--ADDITIONAL MATERIAL CHARACTERISTICS--GENERAL INFORMATION | |
| fixed length control field | m o d |
| 007 - PHYSICAL DESCRIPTION FIXED FIELD--GENERAL INFORMATION | |
| fixed length control field | cr cn||||||||| |
| 008 - FIXED-LENGTH DATA ELEMENTS--GENERAL INFORMATION | |
| fixed length control field | 131108s2010 ne acd ob 100 0 eng|d |
| 020 ## - INTERNATIONAL STANDARD BOOK NUMBER | |
| Cancelled/invalid ISBN | 9781847353993 |
| International Standard Book Number | 9781847357588 (e-book) |
| 040 ## - CATALOGING SOURCE | |
| Original cataloging agency | CaPaEBR |
| Language of cataloging | eng |
| Description conventions | rda |
| -- | pn |
| Transcribing agency | CaPaEBR |
| 035 ## - SYSTEM CONTROL NUMBER | |
| System control number | (OCoLC)868971879 |
| 050 14 - LIBRARY OF CONGRESS CALL NUMBER | |
| Classification number | TS1890 |
| Item number | .L38 2010eb |
| 082 04 - DEWEY DECIMAL CLASSIFICATION NUMBER | |
| Classification number | 174 |
| 111 2# - MAIN ENTRY--MEETING NAME | |
| Meeting name or jurisdiction name as entry element | Latex & Synthetic Polymer Dispersions International Conference |
| Number of part/section/meeting | (6th : |
| Date of meeting | 2010 : |
| Location of meeting | Amsterdam, Netherlands), |
| Relator term | issuing body. |
| 245 10 - TITLE STATEMENT | |
| Title | Latex & Synthetic Polymer Dispersions 2010 : |
| Remainder of title | [conference proceedings] : Amsterdam, The Netherlands, 23-24 March 2010 / |
| Statement of responsibility, etc | organised by iSmithers. |
| 246 30 - VARYING FORM OF TITLE | |
| Title proper/short title | Latex and Synthetic Polymer Dispersions 2010 |
| 264 #1 - PRODUCTION, PUBLICATION, DISTRIBUTION, MANUFACTURE, AND COPYRIGHT NOTICE | |
| Place of production, publication, distribution, manufacture | Amsterdam : |
| Name of producer, publisher, distributor, manufacturer | Smithers Rapra Technology Limited, |
| Date of production, publication, distribution, manufacture, or copyright notice | 2010. |
| 300 ## - PHYSICAL DESCRIPTION | |
| Extent | 1 online resource (174 pages) : |
| Other physical details | illustrations, portraits |
| 336 ## - CONTENT TYPE | |
| Content type term | text |
| Source | rdacontent |
| 337 ## - MEDIA TYPE | |
| Media type term | computer |
| Source | rdamedia |
| 338 ## - CARRIER TYPE | |
| Carrier type term | online resource |
| Source | rdacarrier |
| 500 ## - GENERAL NOTE | |
| General note | "An essential update on the latest trends and developments in natural latex, aqueous synthetic polymer latices, processing chemicals, additives and latex-based products"--Cover. |
| 504 ## - BIBLIOGRAPHY, ETC. NOTE | |
| Bibliography, etc | Includes bibliographical references. |
| 588 ## - SOURCE OF DESCRIPTION NOTE | |
| Source of description note | Description based on online resource; title from PDF title page (ebrary, viewed November 8, 2013). |
| 590 ## - LOCAL NOTE (RLIN) | |
| Local note | Electronic reproduction. Palo Alto, Calif. : ebrary, 2013. Available via World Wide Web. Access may be limited to ebrary affiliated libraries. |
| 650 #0 - SUBJECT ADDED ENTRY--TOPICAL TERM | |
| Topical term or geographic name as entry element | Latex |
| Form subdivision | Congresses. |
| Topical term or geographic name as entry element | Synthetic products |
| Form subdivision | Congresses. |
| 655 #0 - INDEX TERM--GENRE/FORM | |
| Genre/form data or focus term | Electronic books. |
| 710 2# - ADDED ENTRY--CORPORATE NAME | |
| Corporate name or jurisdiction name as entry element | Smithers. |
| 797 2# - LOCAL ADDED ENTRY--CORPORATE NAME (RLIN) | |
| Corporate name or jurisdiction name as entry element | ebrary. |
| 856 40 - ELECTRONIC LOCATION AND ACCESS | |
| Uniform Resource Identifier | <a href="http://site.ebrary.com/lib/rucke/Doc?id=10785161">http://site.ebrary.com/lib/rucke/Doc?id=10785161</a> |
| Public note | An electronic book accessible through the World Wide Web; click to view |
No items available.
